Комплексный подход к сопровождению семей, воспитывающих детей с расстройствами аутистического спектра (Запись № 11252156)
[ простой вид ]
| 000 -МАРКЕР | |
|---|---|
| контрольное поле | 03521nam0a2200445 4500 |
| 001 - ИДЕНТИФИКАТОР ЗАПИСИ | |
| контрольное поле | RU\NLR\BIBL_A\011352359 |
| 005 - ИДЕНТИФИКАТОР ВЕРСИИ | |
| контрольное поле | 20241115072233.0 |
| 010 ## - МЕЖДУНАРОДНЫЙ СТАНДАРТНЫЙ НОМЕР КНИГИ (ISBN) | |
| Номер (ISBN) | 9785992609691 |
| Тираж | 100 |
| 021 ## - НОМЕР ГОСУДАРСТВЕННОЙ РЕГИСТРАЦИИ | |
| Код страны | Российская Федерация |
| Номер | 2017-13118 |
| Номер Листа государственной регистраци | 965 |
| 035 ## - ДРУГИЕ СИСТЕМНЫЕ НОМЕРА | |
| Идентификатор записи | (RuMoRGB)008807994 |
| 035 ## - ДРУГИЕ СИСТЕМНЫЕ НОМЕРА | |
| Идентификатор записи | (NLR Aleph) 011352359 |
| 100 ## - ДАННЫЕ ОБЩЕЙ ОБРАБОТКИ | |
| Данные общей обработки | 20170323d2016 km y0rusy50 ca |
| 101 0# - ЯЗЫК РЕСУРСА | |
| Язык текста, звукозаписи и т.д. | русский |
| 102 ## - СТРАНА ПУБЛИКАЦИИ ИЛИ ПРОИЗВОДСТВА | |
| Страна публикации | Российская Федерация |
| 105 ## - ПОЛЕ КОДИРОВАННЫХ ДАННЫХ: ТЕКСТОВЫЕ МАТЕРИАЛЫ, МОНОГРАФИЧЕСКИЕ | |
| Кодированные данные о монографическом текстовом документе | a z 100zy |
| 200 1# - ЗАГЛАВИЕ И СВЕДЕНИЯ ОБ ОТВЕТСТВЕННОСТИ | |
| Основное заглавие | Комплексный подход к сопровождению семей, воспитывающих детей с расстройствами аутистического спектра |
| Сведения, относящиеся к заглавию | материалы Научно-практической конференции с международным участием, г. Астрахань, 30 сентября - 1 октября 2016 г. |
| Первые сведения об ответственности | [редакционная коллегия: Н. Ю. Сязина (гл. ред.) и др.] |
| 210 ## - ПУБЛИКАЦИЯ, РАСПРОСТРАНЕНИЕ И ДР. | |
| Место издания, распространения и т.д. | Астрахань |
| Имя издателя, распространителя и т. д. | Астраханский университет |
| Дата издания, распространения и т.д. | 2016 |
| 215 ## - ФИЗИЧЕСКАЯ ХАРАКТЕРИСТИКА | |
| Специфическое обозначение материала и объем | 107 с. |
| Другие сведения о физической характеристике | ил. |
| Размеры | 21 |
| 300 ## - ОБЩИЕ ПРИМЕЧАНИЯ | |
| Текст примечания | В надзаг.: Минобрнауки России, Федер. гос. бюджет. образоват. учреждение высш. образования "Астраханский гос. ун-т", М-во социального развития и труда Астраханской обл., Гос. автоном. учреждение Астраханской обл. "Научно-практ. центр реабилитации детей "Коррекция и развитие", Федер. ресурсный центр по орг. комплексного сопровождения детей с расстройствами аутистического спектра, Фонд поддержки детей, попавших в трудную жизненную ситуацию |
| 320 ## - ПРИМЕЧАНИЯ О НАЛИЧИИ В ДОКУМЕНТЕ БИБЛИОГРАФИИ / УКАЗАТЕЛЯ | |
| Текст примечания | Библиогр. в конце ст. |
| 606 1# - НАИМЕНОВАНИЕ ТЕМЫ КАК ПРЕДМЕТ | |
| Наименование темы | Семьи, воспитывающие детей с ограниченными возможностями здоровья |
| Формальный подзаголовок | Съезды, совещания и т.п |
| Тематический подзаголовок | Педагогическая поддержка |
| Системный номер авторитетной/нормативной записи | 2105109 |
| Идентификатор авторитетной/нормативной записи | RU\NLR\AUTH\661576378 |
| 606 1# - НАИМЕНОВАНИЕ ТЕМЫ КАК ПРЕДМЕТ | |
| Наименование темы | Дети с аутизмом |
| Формальный подзаголовок | Съезды, совещания и т.п |
| Тематический подзаголовок | Воспитание в семье |
| Системный номер авторитетной/нормативной записи | 2617017 |
| Идентификатор авторитетной/нормативной записи | RU\NLR\AUTH\661553577 |
| 606 ## - НАИМЕНОВАНИЕ ТЕМЫ КАК ПРЕДМЕТ | |
| Наименование темы | Аутизм детей |
| Формальный подзаголовок | Съезды, совещания и т.п |
| Системный номер авторитетной/нормативной записи | 2120996 |
| Идентификатор авторитетной/нормативной записи | RU\NLR\AUTH\661280765 |
| 606 ## - НАИМЕНОВАНИЕ ТЕМЫ КАК ПРЕДМЕТ | |
| Наименование темы | Аутизм детей |
| Формальный подзаголовок | Съезды, совещания и т.п |
| Тематический подзаголовок | Психологические исследования |
| Системный номер авторитетной/нормативной записи | 2168945 |
| Идентификатор авторитетной/нормативной записи | RU\NLR\AUTH\661304838 |
| 686 ## - ИНДЕКСЫ ДРУГИХ КЛАССИФИКАЦИЙ | |
| Индекс | Ч439.5я431(0) |
| Код системы | |
| 686 ## - ИНДЕКСЫ ДРУГИХ КЛАССИФИКАЦИЙ | |
| Индекс | Ю948.45-734я431(0) |
| Код системы | |
| 686 ## - ИНДЕКСЫ ДРУГИХ КЛАССИФИКАЦИЙ | |
| Индекс | Ч491,6(2)08я431(0) |
| Код системы | |
| 686 ## - ИНДЕКСЫ ДРУГИХ КЛАССИФИКАЦИЙ | |
| Индекс | Р733.645.090я431(0) |
| Код системы | |
| 686 1# - ИНДЕКСЫ ДРУГИХ КЛАССИФИКАЦИЙ | |
| Индекс | Ю948.45-734я431 |
| 686 1# - ИНДЕКСЫ ДРУГИХ КЛАССИФИКАЦИЙ | |
| Индекс | Р733.64-325я431(0) |
| 686 1# - ИНДЕКСЫ ДРУГИХ КЛАССИФИКАЦИЙ | |
| Индекс | Ч491.95я431 |
| 686 1# - ИНДЕКСЫ ДРУГИХ КЛАССИФИКАЦИЙ | |
| Индекс | Ч491.08я431 |
| 702 #1 - ИМЯ ЛИЦА - ВТОРИЧНАЯ ОТВЕТСТВЕННОСТЬ | |
| Начальный элемент ввода | Сязина |
| Часть имени, кроме начального элемента ввода | Н. Ю. |
| Расширение инициалов личного имени | Наталья Юрьевна |
| Код отношения | Редактор |
| 711 12 - НАИМЕНОВАНИЕ ОРГАНИЗАЦИИ - АЛЬТЕРНАТИВНАЯ ОТВЕТСТВЕННОСТЬ | |
| Начальный элемент ввода | "Комплексный подход к сопровождению семей, воспитывающих детей с расстройствами аутистического спектра", научно-практическая конференция с международным участием |
| Место проведения временной организации | Астрахань |
| Дата проведения временной организации | 2016 |
| Системный номер авторитетной/нормативной записи | 553223 |
| Идентификатор авторитетной/нормативной записи | RU\NLR\AUTH\880444733 |
| 942 ## - ДОПОЛНИТЕЛЬНЫЕ ЭЛЕМЕНТЫ ЗАПИСИ (АБИС) | |
| Тип экземпляра АБИС | Книга |
| 980 ## - КОЛЛЕКЦИЯ | |
| Название коллекции | НБР |
Нет доступных экземпляров.